| 000 | 01053cab a2200193 4500 | ||
|---|---|---|---|
| 001 | ##L132704 | ||
| 008 | 060301n2006 000 0 eng u | ||
| 035 | _a(Sirsi) u132704 | ||
| 041 | 0 | _aeng | |
| 100 | 1 | _aBrownrigg, Scott | |
| 245 | 0 | 0 |
_aSpecifier _bhealthcare products |
| 260 | _c2006 | ||
| 490 | 0 |
_aBuilding _v270(8412) 6 January 2006, 64-71(6) |
|
| 520 | _aLooks at the latest building products for healthcare schemes, including partitions, floodlights, safety conscious bathroom pods, smoke detectors, anti-MRSA coating, safer fluorescent lamp starters, paint, protective coatings, washbasins, and fire-rated access panels. Other articles examine how designers and specifiers can contribute to improving hospital hygiene standards by using materials that can be easily cleaned, and the range of anti-bacterial building components now available. With a guide to the main suppliers of healthcare building products. | ||
| 690 | _aBUILT ENVIRONMENT-BUILDING ELEMENTS | ||
| 700 | 1 | _aMayer, Peter | |
| 710 | 2 |
_aBarbour Index _92548 |
|
| 942 | _n0 | ||
| 999 |
_c76572 _d76572 |
||